The Oligochaeta and the chironomida fauna in the river Someş/Szamos system

The epiphiton and benthos were examined in the Rivers Someşul Cald/Meleg Szamos, Somejul Rece/Hideg Szamos, Someşul Mic/Kis Szamos, Somejul Mare/Nagy Szamos, and „United" Somejul/Szamos to the mouth of the river system near Vasarosnameny in Hungary in 16 sections. The sampling took place betwee...

Teljes leírás

Elmentve itt :
Bibliográfiai részletek
Szerzők: Szító András
Mózes Katalin
Dokumentumtípus: Könyv része
Megjelent: 1999
Sorozat:Tiscia monograph series
The Somes/Szamos river valley : a study of the geography, hydrobiology and ecology of the river system and its environment
Kulcsszavak:Szamos folyó - ökológia
Tárgyszavak:
Online Access:http://acta.bibl.u-szeged.hu/10170
LEADER 02704naa a2200241 i 4500
001 acta10170
005 20220322114455.0
008 161015s1999 hu o 0|| eng d
022 |a 1418-0448 
040 |a SZTE Egyetemi Kiadványok Repozitórium  |b hun 
041 |a eng 
100 1 |a Szító András 
245 1 4 |a The Oligochaeta and the chironomida fauna in the river Someş/Szamos system  |h [elektronikus dokumentum] /  |c  Szító András 
260 |c 1999 
300 |a 179-191 
490 0 |a Tiscia monograph series 
490 0 |a The Somes/Szamos river valley : a study of the geography, hydrobiology and ecology of the river system and its environment 
520 3 |a The epiphiton and benthos were examined in the Rivers Someşul Cald/Meleg Szamos, Somejul Rece/Hideg Szamos, Someşul Mic/Kis Szamos, Somejul Mare/Nagy Szamos, and „United" Somejul/Szamos to the mouth of the river system near Vasarosnameny in Hungary in 16 sections. The sampling took place between I and 22 August of 1992, and repeated between I and 21 August of 1996. Main results of the first expedition: Isochaeta michaelseni Last., Eiseniella tetraedra Savigny were dominant in high mountain river parts, Polamothrix vejdovskyi Hrabe and Tubifex nevaensis Brinkhurst on middle mountain river parts in clean water. The Oligochaeta fauna was changed because of anthropogen effects (pollution): Limnodrilus hoffmeisteri Claparede and Tubifex ignotus Ditlevsen were dominant and abundant. Tubifex nevaensis Brinkhurst was found and dominant in self-purificated river parts. High density of chironomid larvae was found in biotecton: Tanytarsus gregarius Kieffer and Prodiamesa olivacea Meigen were dominant here. Eukiefferiella brevicalcar Kieffer and Polypedilum laetum Meigen were dominant on the high mountain river parts. Polypedilum laetum Meigen and Prodiamesa bathophila Kieffer were dominant in clean water on the middle mountain river parts. The chironomid fauna was deteriorated and changed very strongly because of anthropogenic effects. Cricotopus bicinctus Meigen was almost the only species in high density in biotecton on this polluted parts of river system. Presence of Chironomus riparius Meigen indicated the self-purification of water on the lower parts of rivers. Results of the second expedition: the benthos diversity (Oligochaeta and chironomid fauna) decreased, but the density of epiphytic chironomid species increased between N3s3ud and A-Letea. 
650 4 |a Természettudományok 
650 4 |a Föld- és kapcsolódó környezettudományok 
695 |a Szamos folyó - ökológia 
700 0 1 |a Mózes Katalin  |e aut 
856 4 0 |u http://acta.bibl.u-szeged.hu/10170/1/tiscia_mono_003_179-191.pdf  |z Dokumentum-elérés